| 000 | 00743nam a2200205 a 4500 | ||
|---|---|---|---|
| 001 | 000041723 | ||
| 005 | 20201002035723.0 | ||
| 008 | 131016s2004 sp a 000 0 spa d | ||
| 020 | _a8400070968 | ||
| 040 |
_aDO-SdBNP _bspa _cBNPHU |
||
| 082 |
_axxx _bN322m, 2004 |
||
| 100 | 1 |
_aNavarro Tomás, Tomás _968555 |
|
| 245 | 1 | 0 |
_aManual de pronunciación Española / _cTomás Navarro Tomás. |
| 260 |
_aMadrid : _bConsejo Superior de Investigaciones Científicas, _c2004. |
||
| 300 |
_a326 p. : _bil., ; _c21 cm. |
||
| 490 | 1 |
_aTextos universitarios _v3 |
|
| 500 | _aLa biblioteca posee la vigesimooctava reimpresión | ||
| 500 | _aIncluye referencias bibliográficas y notas al pie de las páginas. | ||
| 830 | 0 |
_aTextos universitarios _n3 _968556 |
|
| 999 |
_c41212 _d41212 |
||